书目信息 |
| 题名: |
中华人民共和国防洪法释义
|
|
| 作者: | 邬福肇 主编 | |
| 分册: | ||
| 出版信息: | 北京 法律出版社 1999.08 |
|
| 页数: | 265页 | |
| 开本: | 32开 | |
| 丛书名: | ||
| 单 册: | ||
| 中图分类: | D922.605 | |
| 科图分类: | ||
| 主题词: | 法律--中国 | |
| 电子资源: | ||
| ISBN: | 7-5036-2836-7 | |
| 000 | 00583nam0 2200193 45 | |
| 001 | 0010231541 | |
| 005 | 20001023151415.2 | |
| 010 | @a7-5036-2836-7@d14.00元 | |
| 100 | @a20001023d1999 km y0chiy0120 ea | |
| 101 | 0 | @achi |
| 105 | @a z 000yy | |
| 200 | 1 | @a中华人民共和国防洪法释义@AZhong Hua Ren Min Gong He Guo Fang Hong Fa Shi Yi@f邬福肇主编@FWu Fu Zhao Zhu Bian |
| 210 | @a北京@c法律出版社@d1999.08 | |
| 215 | @a265页@d32开 | |
| 606 | 0 | @a法律@x中国 |
| 690 | @aD922.605@v3 | |
| 701 | 0 | @a邬福肇@4主编 |
| 801 | @aCN@bPftUser@c20001023 | |
| 905 | @b183516-518@dD922.605@eW964@f3 | |
| 中华人民共和国防洪法释义/邬福肇主编.-北京:法律出版社,1999.08 |
| 265页;32开 |
| ISBN 7-5036-2836-7:14.00元 |
| ● |
| 相关链接 |
|
|
|
正题名:中华人民共和国防洪法释义
索取号:D922.605/W964
 
预约/预借
| 序号 | 登录号 | 条形码 | 馆藏地/架位号 | 状态 | 备注 |
| 1 | 183516 | 201835167 | 社科库509/509社科库 90排1列4层/ [索取号:D922.605/W964] | 在馆 | |
| 2 | 183517 | 201835176 | 社科库509/509社科库 90排1列4层/ [索取号:D922.605/W964] | 在馆 | |
| 3 | 183518 | 201835185 | 社科库509/509社科库 90排1列4层/ [索取号:D922.605/W964] | 在馆 |